Podpora doménovo špecifického vyjadrovania

Gespeichert in:
Bibliographische Detailangaben
1. Verfasser: Kohút, Radovan (Verfasst von)
Weitere Verfasser: Lang, Ján (Betreuung Doktorarbeit)
Format: Manuskript Buch
Sprache:Slowakisch
Veröffentlicht: 2018
Schlagworte:
Online-Zugang:http://is.stuba.sk/zp/portal_zp.pl?podrobnosti=115547
Tags: Tag hinzufügen
Keine Tags, Fügen Sie das erste Tag hinzu!

MARC

LEADER 00000ntm a22000003a 4500
001 stuzp70259
003 SK-STU
005 20190301163754.3
007 ta
008 150427s2015----xo-----f-mn---000-0-slo-d
040 |a STU  |b slo 
041 0 |a slo 
044 |a xo 
100 1 |a Kohút, Radovan  |u 070200  |4 aut  |U FIIT Fakulta informatiky a informačných technológií  |T FIIT Ústav informatiky, informačných systémov a softvérového inžinierstva  |X 73970  |U I200  |Y 179  |7 73970 
242 0 1 |a Support for domain-specific expression  |y eng 
245 1 0 |a Podpora doménovo špecifického vyjadrovania 
260 |c 2018 
300 |a 66 s., príl.  |e CD-rom 
650 4 |a myšlienková mapa  |2 slo 
650 4 |a biznis procesný model  |2 slo 
650 4 |a transformácia modelov  |2 slo 
650 4 |a mind map  |2 eng 
650 4 |a model transformation  |2 eng 
650 4 |a bpmn  |2 eng 
700 1 |a Lang, Ján  |u 070200  |k Z1  |4 ths  |U FIIT Fakulta informatiky a informačných technológií  |T FIIT Ústav informatiky, informačných systémov a softvérového inžinierstva  |X 60247  |U I200  |Y 179  |7 60247 
856 4 |u http://is.stuba.sk/zp/portal_zp.pl?podrobnosti=115547 
996 |b IZP20180147  |c I*BAP145/18  |l II680  |s P  |a 0  |w stuzp70259_0001